| 000 | 01060nam a2200349 a 4500 | ||
|---|---|---|---|
| 003 | AR-BaBNM | ||
| 005 | 20251128203042.0 | ||
| 008 | 082120s2002 ||||||||||||||000 | spa|| | ||
| 040 | _cAR-BaBNM | ||
| 100 | 1 | _aSorenson, Herbert | |
| 245 | 0 | 0 | _aLa psicología en la educación |
| 260 |
_aBuenos Aires _bEl Ateneo _c1971 |
||
| 300 |
_axiii, 576 p. _btablas |
||
| 490 | 0 | _aBiblioteca nuevas orientaciones de la educación. Problemática de la educación | |
| 500 | _aIndice temático: p. 561-568 | ||
| 504 | _aBibliografía: p. 553-559 | ||
| 650 | 4 | _aPSICOLOGIA DE LA EDUCACION | |
| 650 | 4 | _aROL DEL DOCENTE | |
| 650 | 4 | _aDESARROLLO DE LA PERSONALIDAD | |
| 650 | 4 | _aDESARROLLO AFECTIVO | |
| 650 | 4 | _aDESARROLLO COGNOSCITIVO | |
| 650 | 4 | _aTEORIAS DEL APRENDIZAJE | |
| 650 | 4 | _aSALUD MENTAL | |
| 650 | 4 | _aEVALUACION | |
| 650 | 4 | _aMOTIVACION | |
| 650 | 4 | _aINTELIGENCIA | |
| 653 | _aPROCESO DE ENSEÑANZA-APRENDIZAJE | ||
| 700 | 1 |
_aWinsnes, Marta _etraductor |
|
| 800 | 1 |
_aMárquez, Angel Diego _edirector |
|
| 942 | _cBK | ||
| 998 | _cSILVI | ||
| 999 |
_c1673 _d1673 |
||